The impact of the annual performance appraisal system (APAS) form in identifying training needs and improving employees' work performance in selected government ministries: a case study of ministry of education, ministry of agriculture and cooperatives and ministry of lands headquarters (Record no. 46371)

MARC details
000 -LEADER
fixed length control field 01102nam a2200205 a 4500
008 - FIXED-LENGTH DATA ELEMENTS--GENERAL INFORMATION
fixed length control field 140129s2012 ||||||||||||||||| || u
050 ## - LIBRARY OF CONGRESS CALL NUMBER
Classification number THESIS/KAM
100 ## - MAIN ENTRY--PERSONAL NAME
Personal name Kamuti, Mayungo
245 14 - TITLE STATEMENT
Title The impact of the annual performance appraisal system (APAS) form in identifying training needs and improving employees' work performance in selected government ministries: a case study of ministry of education, ministry of agriculture and cooperatives and ministry of lands headquarters
Statement of responsibility, etc. by Mayungo Kamuti
260 ## - PUBLICATION, DISTRIBUTION, ETC.
Place of publication, distribution, etc. Kitwe:
Name of publisher, distributor, etc. Copperbelt University
Date of publication, distribution, etc. 2012
300 ## - PHYSICAL DESCRIPTION
Extent [xi], various pagings: ill.
362 1# - DATES OF PUBLICATION AND/OR SEQUENTIAL DESIGNATION
Dates of publication and/or sequential designation <p>MA Human Resources Management (MA HRM)</p>
500 ## - GENERAL NOTE
General note Bibliography
650 ## - SUBJECT ADDED ENTRY--TOPICAL TERM
Topical term or geographic name entry element ANNUAL PERFORMANCE APPRAISAL SYSTEM (APAS)--GOVERNMENT MINISTRIES, ZAMBIA
650 ## - SUBJECT ADDED ENTRY--TOPICAL TERM
Topical term or geographic name entry element ANNUAL PERFORMANCE APPRAISAL SYSTEM (APAS)
650 ## - SUBJECT ADDED ENTRY--TOPICAL TERM
Topical term or geographic name entry element PERFORMANCE APPRAISAL
650 ## - SUBJECT ADDED ENTRY--TOPICAL TERM
Topical term or geographic name entry element HUMAN RESOURCE MANAGEMENT--ZAMBIA
650 ## - SUBJECT ADDED ENTRY--TOPICAL TERM
Topical term or geographic name entry element HUMAN RESOURCES MANAGEMENT
995 ## - RECOMMENDATION 995 [LOCAL, UNIMARC FRANCE]
-- CBU-MAIN LIBRARY (Kitwe)
-- 1
-- AVAILABLE
-- Jan 29, 2014
-- University Collection
Holdings
Withdrawn status Lost status Source of classification or shelving scheme Damaged status Not for loan Home library Current library Shelving location Date acquired Total Checkouts Full call number Barcode Date last seen Price effective from Koha item type
          CBU-MAIN LIBRARY, KITWE. CBU-MAIN LIBRARY, KITWE.   11/30/2022   THESIS/KAM 744649 11/30/2022 11/30/2022 MONOGRAPH